000 00622nam a2200205Ia 4500
003 GCL
005 20240530103725.0
008 140319s9999 xx 000 0 ara d
040 _aGCL /
_cGCL
082 0 4 _a913
_bى ع
100 1 _aيوسف الشارونى
245 1 0 _aعجائب الهند من قصص الملاحة العربية /
_cيوسف الشارونى
260 _aلندن :
_bرياض الريس للكتب والنشر ؛
_c1990
300 _a188 ص ؛
_b20 سم
490 _aكتاب
_v0
650 0 4 _aالرحلات
650 0 4 _aالهند
650 0 4 _aاداب السفر
942 _2ddc
_cBK
999 _c41977
_d41977